000 00418nam a22001697a 4500
003 NUST
020 _a978-0-521-748261
038 _akhadija
082 _a530.12
_bMIL
100 _aMiller, David A. B.
_982585
245 _aQuantum Mechanics for Scientists and Engineers
260 _aNew Delhi :
_bCambridge ,
_c2008.
300 _a551 p. ;
_b25 cm .
500 _aPaperback.
563 _aP.B
942 _cBK
_2ddc
999 _c33607
_d33607